|
|
|
|
| LEADER |
00000cam a2200000 7i4500 |
| 001 |
0000005829 |
| 005 |
20161113093000.0 |
| 008 |
021119s1977 |
| 050 |
0 |
0 |
|a d40 K230.M3
|b F31 1977
|
| 090 |
0 |
0 |
|a d40 K230.M3
|b F31 1977
|
| 100 |
1 |
|
|a محمصاني، صبحي رجب ,
|e author
|
| 245 |
1 |
0 |
|a Filsafat hukum dalam Islam
|c Sobhi Mahmassani; terjemahan, Ahmad Sudjono
|
| 260 |
|
|
|a Bandung :
|b Alma'arif ,
|c 1977
|
| 300 |
|
|
|a 299 p. ;
|c 21 cm.
|
| 500 |
|
|
|a Translation of: Falsafat al-tashri` fi al-Islami
|
| 504 |
|
|
|a Includes bibliographical references (p. 289-299)
|
| 650 |
|
0 |
|a Comparative law
|
| 650 |
|
0 |
|a Islamic law
|x Philosophy
|
| 700 |
1 |
|
|a Sobhi Mahmassani ,
|e author
|
| 999 |
|
|
|a 1000011595
|b Book
|c OPEN SHELF (30 DAYS)
|e Gong Badak Campus
|
| 999 |
|
|
|a 1000011597
|b Book
|c OPEN SHELF (30 DAYS)
|e Gong Badak Campus
|
| 999 |
|
|
|a 1000011598
|b Book
|c OPEN SHELF (30 DAYS)
|e Gong Badak Campus
|
| 999 |
|
|
|a 1000011599
|b Book
|c OPEN SHELF (30 DAYS)
|e Gong Badak Campus
|
| 999 |
|
|
|a 1000011600
|b Book
|c OPEN SHELF (30 DAYS)
|e Gong Badak Campus
|
| 999 |
|
|
|a 1000011627
|b Book
|c OPEN SHELF (30 DAYS)
|e Gong Badak Campus
|
| 999 |
|
|
|a 1000011628
|b Book
|c OPEN SHELF (30 DAYS)
|e Gong Badak Campus
|
| 999 |
|
|
|a 1000011629
|b Book
|c OPEN SHELF (30 DAYS)
|e Gong Badak Campus
|
| 999 |
|
|
|a 1000011630
|b Book
|c OPEN SHELF (30 DAYS)
|e Gong Badak Campus
|
| 999 |
|
|
|a 1000011631
|b Book
|c OPEN SHELF (30 DAYS)
|e Gong Badak Campus
|